| 000 | 00000nam##2200000za#4500 |
| 001 | 9.598983 |
| 003 | CaOODSP |
| 005 | 20210624204835 |
| 007 | cr ||||||||||| |
| 008 | 150406|1998||||xxc|||||o f|0| 0 fre|d |
| 040 | |aCaOODSP|bfre |
| 043 | |an-cn--- |
| 086 | 1 |aBT31-2/1999-III-4F-PDF |
| 110 | 1 |aCanada. |bConseil du trésor. |
| 245 | 10|aConseil de la radiodiffusion et des télécommunications canadiennes, budget des dépenses 1998-1999, un rapport sur les plans et les priorités |h[ressource électronique] |
| 260 | |bSecrétariat du Conseil du Trésor du Canada |c[1998]. |
| 300 | |a35p.|borganigrammes, tableaux |
| 490 | 1 |aBudget des dépenses 1998-1999. Partie III, Rapport sur les plans et les priorités |v1998-1999 |
| 590 | |a10-08-Supp|b2010-10-06 |
| 775 | 08|tCanadian Radio-television and Telecommunications Commission, 1998–99 estimates, a report on plans and priorities |w(CaOODSP)9.567653 |
| 776 | 0#|tCanadian Radio-television and Telecommunications Commission |w(CaOODSP)9.530272 |
| 776 | 0#|tConseil de la radiodiffusion et des télécommunications canadiennes |w(CaOODSP)9.530273 |
| 830 | #0|aBudget des dépenses 1998-1999. Partie III, Rapport sur les plans et les priorités ;|v1998-1999|w(CaOODSP)9.502118 |
| 856 | 40|ahttp://publications.gc.ca|qPDF|s113 Ko|uhttps://publications.gc.ca/collections/Collection/BT31-2-1999-III-4F.pdf|y1998-1999 |